| 000 | 01032nam0a22002531 4500 | ||
|---|---|---|---|
| 001 | rc\215875 | ||
| 005 | 20260407131559.0 | ||
| 010 |
_a5-87580-032-1 _9500 |
||
| 035 | _a(NLR Aleph) 005464535 | ||
| 090 |
_a4987491 _c4987491 |
||
| 100 | _a20030307d1997 |||y0rusy50 ca | ||
| 101 | 0 | _arus | |
| 102 | _aRU | ||
| 105 | _ay ||||||||| | ||
| 200 | 1 |
_aАКТУАЛЬНЫЕ вопросы клинической стоматологии _eСб. науч. тр. _fМ-во здравоохранения Рос. Федерации, Ставроп. гос. мед. акад. _gПод. ред. проф. Н.Н. Гаража |
|
| 210 |
_aСтаврополь _cЮРКИТ _d1997 |
||
| 215 |
_a119 с. _d20 |
||
| 702 | 1 |
_aГаража _bН.Н. _gНиколай Николаевич _4340 |
|
| 712 | 0 | 2 |
_aСтавропольская государственная медицинская академия _3RU\NLR\AUTH\889985579 _9466749 |
| 801 | 0 |
_aRU _bNLR _gpsbo |
|
| 801 | 1 |
_aRU _bELAR _2rusmarc |
|
| 852 |
_aNLR _j97-3/7821 |
||
| 942 | _cBOOK | ||
| 980 | _aNB | ||